000 00384cam a2200169 4500
001 D13825
008 090401t1924 xxu||||| |||| 00| 0 eng d
035 _a(Sirsi) u11895
041 _aeng
100 _aSayle, A.
245 4 _aThe houses of the workers
260 _aLondon
_bT Fisher Unwin Ltd
_c1924
350 _a0
520 _aShelf 134
942 _n0
948 _c04/03/1997
999 _c86927
_d86927